Memorias para servir a la historia eclesiástica durante el siglo XVIII
-д хадгалсан:
| Үндсэн зохиолч: | |
|---|---|
| Формат: | Ном |
| Хэл сонгох: | испани |
| Хэвлэсэн: |
Ciudad de México
De Galván
1840
|
| Нөхцлүүд: | |
| Шошгууд: |
Шошго нэмэх
Шошго байхгүй, Энэхүү баримтыг шошголох эхний хүн болох!
|
MARC
| LEADER | 00000nam a2200000 a 4500 | ||
|---|---|---|---|
| 001 | UCP4661 | ||
| 003 | CL-VaPUC | ||
| 008 | 990806e18400000MX |||||||||||||||||spa|d | ||
| 082 | 0 | 4 | |a 270.7 |b JIM |2 21 |
| 100 | 0 | |a Jiménez, Vicente |e author |9 432326 | |
| 245 | 1 | 0 | |a Memorias para servir a la historia eclesiástica durante el siglo XVIII |
| 300 | |a 4 v | ||
| 942 | |c BK | ||
| 945 | |d 19990806 00:00:00 |a crobeson | ||
| 260 | |a Ciudad de México |b De Galván |c 1840 | ||
| 650 | 7 | |a HISTORIA ECLESIASTICA SIGLO 18 |2 CL-VaPUC |9 432327 | |
| 650 | 0 | |a Iglesia Católica |9 256114 | |
| 650 | 7 | |a MEMORIAS |2 CL-VaPUC |9 269159 | |
| 650 | 7 | |a RELIGIOSOS |2 CL-VaPUC |9 352012 | |
| 583 | |a last modification |c 19990806 00:00:00 |k Rodrigo Vera | ||
| 999 | |c 282567 |d 282565 | ||
| 952 | |0 0 |1 0 |4 0 |6 270_700000000000000_JIM_1840 |7 0 |8 X |9 324428 |a BIBHIS |b BIBHIS |d 2019-11-20 |h v.1 |i 135549K |o 270.7 JIM 1840 |p 135549K |r 2024-01-30 |w 2019-11-20 |y BK_X |k HIS | ||
| 952 | |0 0 |1 0 |4 0 |6 270_700000000000000_JIM_1840 |7 0 |8 X |9 324429 |a BIBHIS |b BIBHIS |d 2019-11-20 |h v.2 |i 1355503 |o 270.7 JIM 1840 |p 1355503 |r 2024-01-30 |w 2019-11-20 |y BK_X |k HIS | ||
| 952 | |0 0 |1 0 |4 0 |6 270_700000000000000_JIM_1840 |7 0 |8 X |9 324430 |a BIBHIS |b BIBHIS |d 2019-11-20 |h v.3 |i 1355511 |o 270.7 JIM 1840 |p 1355511 |r 2024-01-30 |w 2019-11-20 |y BK_X |k HIS | ||
| 952 | |0 0 |1 0 |4 0 |6 270_700000000000000_JIM_1840 |7 0 |8 X |9 324431 |a BIBHIS |b BIBHIS |d 2019-11-20 |h v.4 |i 135552K |o 270.7 JIM 1840 |p 135552K |r 2024-01-30 |w 2019-11-20 |y BK_X |k HIS | ||